000 01228nam a22002657a 4500
001 8314
003 FISKH
005 20250909084136.0
008 250909b cb ||||| |||| 00| 0 eng d
020 _a9781407144085
040 _aFISKH
_beng
_cFISKH
_dFISKH
082 _a 823.92
100 _aKnapman, Timothy
245 _aSilly name for a monster /
_cBy Timothy Knapman
260 _aNew York :
_bScholastic ,
_c2014.
300 _a44 pages :
_bcolor illustrations ;
_c19 cm .
490 _aLittle Red Robin
505 _aK
520 _aGet ready to read! LITTLE RED ROBINS are ideal for sharing and reading together. Full colour illustrations throughout. Once upon a time if you wanted to be a hero, you had to have a proper, hero-sounding name. And if you wanted to be a big scary monster, it was no good unless your name was big and scary too. But when all the proper-sounding heroes can't defeat the most menacing monster in the kingdom, the king offers his whole kingdom to whoever can beat it. Could Stinkpot succeed? Even with such a silly name?
521 8 _a510
_bLexile estimate
521 8 _aK
_bRaz-Plus
700 _aMay, Steve
_eIllustrator
942 _2ddc
_cBK
_n0
999 _c8314
_d8314